| 000 | 00884nam a22001937a 4500 | ||
|---|---|---|---|
| 005 | 20150124125503.0 | ||
| 008 | 131107t mx||||| |||| 00| 0 spa d | ||
| 050 | 0 | 4 |
_aKGF2921 _bR85 1888 |
| 100 | 1 |
_aRuíz, Eduardo, _cLic., _d[1839-1902] |
|
| 245 | 1 | 0 |
_aCurso de derecho constitucional y administrativo / _cLic. Eduardo Ruíz. |
| 250 | _a1a ed. | ||
| 260 |
_aMéxico : _bOficina tip. de la Secretaría de Fomento, _c1888 |
||
| 300 |
_a2 v. ; _c24 cm. |
||
| 500 | _aNota : Antiguo catedrático de Derecho Público Eclesiástico y de Literatura, en el primitivo y nacional colegio de San Nicolás de Hidalgo, en Morelia, y actualmente profesor de Derecho Constitucional y Administrativo en la Escuela Nacional de Jurisprudencia. | ||
| 504 | _aIncluye índice | ||
| 650 | 7 |
_2LEMB _aDerecho constitucional _zMéxico |
|
| 650 | 7 |
_2LEMB _aDerecho administrativo _zMéxico |
|
| 942 |
_2lcc _cLIB |
||
| 999 |
_c44746 _d44746 |
||